000
00313nam a22001337a 4500
008
170908b xxu||||| |||| 00| 0 eng d
020
_a
9780132300971
041
_a
eng
080
_2
6 ED
_a
91
100
_a
91
101
_a
GEO
245
_a
BUILDING GEOGRAPHIC LITERACY
_c
STANSFIELD.CH.A
942
_2
udc
_c
BK
999
_c
26792
_d
26792